Flydubai International routes from Dubai International Airport (DXB) - Statistics

General Stats
  • This quiz has been taken 10 times
  • The average score is 96 of 149
Answer Stats
International Route Country % Correct
Almaty Kazakhstan
100%
Amman Jordan
100%
Antalya Turkiye
100%
Astana Kazakhstan
100%
Baghdad Iraq
100%
Bahrain Bahrain
100%
Bangkok-Don Mueang Thailand
100%
Bucharest-Otopeni Romania
100%
Dammam/Damman Saudi Arabia
100%
Doha Qatar
100%
Kathmandu Nepal
100%
Krabi Thailand
100%
Krakow Poland
100%
Kuwait City Kuwait
100%
Ljubljana Slovenia
100%
Male Maldives
100%
Milan-Bergamo Italy
100%
Minsk Belarus
100%
Muscat Oman
100%
Nairobi-Jomo Kenyatta Kenya
100%
Naples Italy
100%
Prague Czechia
100%
Riga Latvia
100%
Riyadh Saudi Arabia
100%
Sarajevo Bosnia & Herzegovina
100%
Sofia Bulgaria
100%
Tbilisi Georgia
100%
Tirana Albania
100%
Warsaw-Chopin Poland
100%
Yerevan Armenia
100%
Zagreb Croatia
100%
Addis Ababa Ethiopia
83%
Ahmedabad India
83%
Alexandria Egypt
83%
Ankara Turkiye
83%
Ashgabat Turkmenistan
83%
Asmara Eritrea
83%
Baku Azerbaijan
83%
Basel/Mulhouse Switzerland/France
83%
Beirut Lebanon
83%
Belgrade Serbia
83%
Budapest Hungary
83%
Cairo Egypt
83%
Chisinau Moldova
83%
Colombo Sri Lanka
83%
Dar es Salaam Tanzania
83%
Delhi India
83%
Dhaka Bangladesh
83%
Djibouti Djibouti
83%
Entebbe Uganda
83%
Erbil Iraq
83%
Hyderabad India
83%
Isfahan Iran
83%
Islamabad Pakistan
83%
Istanbul Turkiye
83%
Istanbul-Sabiha Gocken Turkiye
83%
Jeddah Saudi Arabia
83%
Kabul Afghanistan
83%
Karachi Pakistan
83%
Kilimanjaro Tanzania
83%
Lahore Pakistan
83%
Mashhad Iran
83%
Medina Saudi Arabia
83%
Najaf Iraq
83%
Poznan Poland
83%
Tashkent Uzbekistan
83%
Tehran-Imam Khomeini Iran
83%
Tel Aviv Israel
83%
Vilnius Lithuania
83%
Yangon Myanmar
83%
Yekaterinburg Russia
83%
Zanzibar Tanzania
83%
Basrah Iraq
67%
Batumi Georgia
67%
Bishkek Kyrgyzstan
67%
Bodrum Turkiye
67%
Catania Italy
67%
Damascus Syria
67%
Dushanbe Tajikistan
67%
Juba South Sudan
67%
Langkawi Malaysia
67%
Mumbai-Shivaji India
67%
Novosibirsk Russia
67%
Pattaya Thailand
67%
Penang Malaysia
67%
Peshawar Pakistan
67%
Pisa Italy
67%
Salalah Oman
67%
Salzburg Austria
67%
Samarkand Uzbekistan
67%
Shiraz Iran
67%
Tivat Montenegro
67%
Trabzon Turkiye
67%
Abha Saudi Arabia
50%
Corfu Greece
50%
Faisalabad Pakistan
50%
Ha'il Saudi Arabia
50%
Hargeisa Somalia
50%
Kolkata India
50%
Kozhikode India
50%
Kutaisi Georgia
50%
Multan Pakistan
50%
Mykonos Greece
50%
Samara Russia
50%
Santorini Greece
50%
Sialkot Pakistan
50%
Sochi Russia
50%
Taif Saudi Arabia
50%
Al-Ula Saudi Arabia
33%
Bandar Abbas Iran
33%
Cagliari Italy
33%
Cochin India
33%
Dubrovnik Croatia
33%
Gassim Saudi Arabia
33%
Grozny Russia
33%
Hofuf Saudi Arabia
33%
Jizan Saudi Arabia
33%
Kazan Russia
33%
Kerman Iran
33%
Kish Iran
33%
Lar Iran
33%
Mineralnye Vody Russia
33%
Najran Saudi Arabia
33%
Olbia Italy
33%
Qeshm Iran
33%
Quetta Pakistan
33%
Saint Petersburg Russia
33%
Sulaimaniyah Iraq
33%
Tabriz Iran
33%
Tabuk Saudi Arabia
33%
Volgograd Russia
33%
Bushehr Iran
17%
Chattogram Bangladesh
17%
Giza Egypt
17%
Krasnodar Russia
17%
Namangan Uzbekistan
17%
Perm Russia
17%
Sohar Oman
17%
Symkent Kazakhstan
17%
Al Alamein Egypt
0%
Hanak Saudi Arabia
0%
Lasi Romania
0%
Lucknow India
0%
Makhachkala Russia
0%
Momabasa Kenya
0%
Neom Bay Saudi Arabia
0%
Qaisumah Saudi Arabia
0%
Siddharthanagar Nepal
0%
Ufa Russia
0%
No matching quizzes found
Score Distribution
Percent of People with Each Score
Percentile by Number Answered
Your Score History
You have not taken this quiz